Essentials of Nuclear Chemistry/ (Record no. 758732)

MARC details
000 -LEADER
fixed length control field 00411nam a22001577a 4500
020 ## - INTERNATIONAL STANDARD BOOK NUMBER
ISBN 9789395161237
082 ## - DEWEY DECIMAL CLASSIFICATION NUMBER
Classification number 541.38
Item number ARN.E
100 ## - MAIN ENTRY--AUTHOR NAME
Personal name Arnikar H J
245 ## - TITLE STATEMENT
Title Essentials of Nuclear Chemistry/
Statement of responsibility, etc H J Arnikar
250 ## - EDITION STATEMENT
Edition statement 5
260 ## - PUBLICATION, DISTRIBUTION, ETC. (IMPRINT)
Place of publication New Delhi:
Name of publisher New Age International,
Year of publication 2025.
300 ## - PHYSICAL DESCRIPTION
Number of Pages xv,440p.
650 ## - SUBJECT ADDED ENTRY--TOPICAL TERM
Topical Term Nuclear chemistry
942 ## - ADDED ENTRY ELEMENTS (KOHA)
Koha item type Book
Source of classification or shelving scheme Dewey Decimal Classification
Holdings
Withdrawn status Lost status Source of classification or shelving scheme Damaged status Not for loan Home Library Current Location Date acquired Cost, normal purchase price Full call number Accession Number Price effective from Koha item type
    Dewey Decimal Classification     Campus Library Kariavattom Campus Library Kariavattom 18/04/2026 550.00 541.38 ARN.E UCL35769 18/04/2026 Book